| 000 | 01746cas a2200493 i 4500 | ||
|---|---|---|---|
| 999 |
_c200447420 _d65632 |
||
| 001 | 200447420 | ||
| 003 | TR-AnTOB | ||
| 005 | 20230405113100.0 | ||
| 007 | ta | ||
| 008 | 950419c19949999au gr s i0 0eng d | ||
| 010 |
_a 97648256 _zsn 96036124 |
||
| 015 |
_a017583586 _2dnb |
||
| 016 | 7 |
_a1232508-9 _2DE-600 |
|
| 035 | _a(OCoLC)ocm32336522 | ||
| 035 | _a(TR-AnTOB)200447420 | ||
| 040 |
_aWaPS _beng _erda _cWaPS _dTxU _dDLC _dInU _dMH _dDLC _dNN _dMH _dInU _dOCoLC _dMH _dGBVCP _dOCoLC _dTR-AnTOB |
||
| 041 | 0 | _aeng | |
| 050 | 0 | 0 |
_aHC59.8 _b.O57 |
| 090 |
_aTOBBK HC59.8 _b.O57 |
||
| 245 | 0 | 0 |
_aOPEC aid institutions : _ba profile. |
| 264 | 1 |
_aVienna, Austria : _bOPEC Fund for International Development, _c1994- |
|
| 300 |
_avolumes : _billustrations ; _c21 cm |
||
| 310 |
_aBiennial, _b1998- |
||
| 321 |
_aAnnual, _b1994-1997 |
||
| 336 |
_atext _btxt _2rdacontent |
||
| 337 |
_aunmediated _bn _2rdamedia |
||
| 338 |
_avolume _bnc _2rdacarrier |
||
| 362 | 0 | _a1994- | |
| 500 | _aTitle from cover. | ||
| 530 | _aSome issues also available online through the OPEC Fund website. | ||
| 588 | _aLatest issue consulted: 2002. | ||
| 590 | _aSERBIB/SERLOC merged record | ||
| 610 | 2 | 0 |
_aOPEC Fund for International Development _vPeriodicals _952742 |
| 650 | 0 |
_aEconomic assistance _vPeriodicals _9135513 |
|
| 650 | 7 |
_aEntwicklungsfinanzierung. _2stw |
|
| 650 | 7 |
_aEntwicklungsorganisation. _2stw |
|
| 650 | 7 |
_aOPEC-Staaten. _2stw |
|
| 710 | 2 |
_aOPEC Fund for International Development _952742 |
|
| 776 | 0 | 8 |
_iOnline version: _tOPEC aid institutions _w(OCoLC)762108133 |
| 780 | 0 | 0 |
_tOPEC aid and OPEC aid institutions _w(DLC) 88647266 _w(OCoLC)10862428 |
| 942 |
_2z _cCR |
||